000 00662nam a22001817a 4500
003 BD-DhUL
005 20160907151911.0
008 160907s2002 ii ||||| |||| 000 0 ben d
040 _aBD-DhUL
_cBD-DhUL
082 _a954.042
_bRAB
100 1 _aরায়, অশোক কুমার
245 1 0 _aভারত ও বিশ্ব, ১৯১৪ - ১৯৬৪ /
_cঅশোক কুমার রায়
260 _aকলকাতা :
_bগ্রগ্রেসিভ,
_c২০০২.
300 _a [৮], ১৩৭ পৃ. ;
_c ২১ সে. মি.
650 0 _aভারত-ইতিহাস
650 0 _a India -History
942 _2ddc
_cBK
999 _c104648
_d104648